[Event "Vojvodina-chT"]
[Site "Kovacica"]
[Date "2019.11.04"]
[Round "5.5"]
[White "Muskinja, Luka"]
[Black "Njamcul, Dragan"]
[Result "1-0"]
[WhiteElo "1810"]
[BlackElo "2320"]
[PlyCount "65"]
[EventDate "2019.11.01"]
[EventType "team-tourn"]
[EventRounds "11"]
[EventCountry "SRB"]
[SourceTitle "CBM 192 Extra"]
[Source "Chessbase"]
[SourceDate "2019.11.06"]
[SourceVersion "1"]
[SourceVersionDate "2019.11.06"]
[SourceQuality "1"]
[WhiteTeam "Indija Sloga"]
[BlackTeam "Banatsko Novo Selo"]
[WhiteTeamCountry "SRB"]
[BlackTeamCountry "SRB"]

1. Nf3 Nf6 2. b3 d5 3. Bb2 c5 4. e3 Nc6 5. d4 e6 6. a3 a6 7. c4 b6 8. Bd3 Bb7 9. Nbd2 Be7 10. 0-0 0-0 11. Qe2 Rc8 12. Rad1 Qc7 13. Ne5 Nxe5 14. dxe5 Nd7 15. f4 Ra8 16. cxd5 exd5 17. Qh5 g6 18. Qh6 f5 19. exf6 Nxf6 20. Bxg6 d4 21. Bd3 Qc6 22. Rf3 Kf7 23. exd4 Rg8 24. Bc4+ Nd5 25. Qxh7+ Rg7 26. Qh5+ Kf8 27. Bxd5 Qxd5 28. Qxd5 Bxd5 29. Rg3 Rf7 30. Nc4 Rd8 31. Ne5 Bxb3 32. Nxf7 Kxf7 33. Rxb3 1-0